000 00777cam a22002411 4500
001 7478774
003 ARRUPE
005 20131209122452.0
008 760302s1958 enka 000 0 eng
010 _a 58044399
015 _aGB58-9661
035 _a(OCoLC)2025511
040 _aDLC
_cFJUNF
_dUk
_dDLC
050 0 0 _aSPC DT471
_b.M84
100 1 _aMosley, Nicholas,
_d1923-
_95344
245 1 0 _aAfrican switchback.
260 _aLondon,
_bWeidenfeld and Nicolson
_c[1958]
300 _a223 p.
_billus.
_c23 cm.
500 _aThe experiences of the author and novelist Hugo Charteris while traveling by car from Dakar to Lagos.
651 0 _aAfrica, West
_xDescription and travel.
_95345
906 _a7
_bcbc
_coclcrpl
_du
_encip
_f19
_gy-gencatlg
942 _2lcc
_cMONOGRAPH
999 _c119139
_d119139